Who's fixing what? (Record no. 71469)
[ view plain ]
| 000 -LEADER | |
|---|---|
| fixed length control field | 01469cam a2200289 4500 |
| 001 - CONTROL NUMBER | |
| control field | ABS66078 |
| 008 - FIXED-LENGTH DATA ELEMENTS--GENERAL INFORMATION | |
| fixed length control field | 021029n2002 000 0 eng u |
| 035 ## - SYSTEM CONTROL NUMBER | |
| System control number | (Sirsi) u120293 |
| 100 ## - MAIN ENTRY--PERSONAL NAME | |
| Personal name | Ham, J |
| 245 ## - TITLE STATEMENT | |
| Title | Who's fixing what? |
| 260 ## - PUBLICATION, DISTRIBUTION, ETC. | |
| Date of publication, distribution, etc. | 2002 |
| 490 ## - SERIES STATEMENT | |
| Series statement | Estates Gazette |
| Volume/sequential designation | (0242) 19 October 2002, 150-151(2) |
| 520 ## - SUMMARY, ETC. | |
| Summary, etc. | Provides a list of dos and don'ts for landlords and tenants to avoid disputes over the physical condition of a property. Advises both parties to be aware of the state of a property before the lease term begins by using photographic records and schedules of condition. Stresses that the wording in the repairing clause must be clear and distinquish between similar terms such as 'repair' and 'condition'. Advises landlords how to proceed if a tenant does not comply with his repairing obligations, with guidance on s146 notices and forfeiture. Concludes with actions landlords should take at the end of the lease such as serving a schedule of dilapidations. Case law. |
| 590 ## - LOCAL NOTE (RLIN) | |
| Local note | ABS |
| 650 ## - SUBJECT ADDED ENTRY--TOPICAL TERM | |
| Topical term or geographic name entry element | Dilapidations |
| 9 (RLIN) | 6235 |
| 650 ## - SUBJECT ADDED ENTRY--TOPICAL TERM | |
| Topical term or geographic name entry element | LEASE TERMS |
| 650 ## - SUBJECT ADDED ENTRY--TOPICAL TERM | |
| Topical term or geographic name entry element | S146 NOTICES |
| 650 ## - SUBJECT ADDED ENTRY--TOPICAL TERM | |
| Topical term or geographic name entry element | LAW OF PROPERTY ACT 1925 |
| 650 ## - SUBJECT ADDED ENTRY--TOPICAL TERM | |
| Topical term or geographic name entry element | FORFEITURE |
| 650 ## - SUBJECT ADDED ENTRY--TOPICAL TERM | |
| Topical term or geographic name entry element | FLUOR DANIEL PROPERTIES LTD V SHORTLANDS INVESTMENTS LTD |
| 650 ## - SUBJECT ADDED ENTRY--TOPICAL TERM | |
| Topical term or geographic name entry element | ELITE INVESTMENTS LTD V TI BAINBRIDGE SILENCERS LTD |
| 650 ## - SUBJECT ADDED ENTRY--TOPICAL TERM | |
| Topical term or geographic name entry element | EYRE V MCCRACKEN |
| 650 ## - SUBJECT ADDED ENTRY--TOPICAL TERM | |
| Topical term or geographic name entry element | REPAIRS |
| 650 ## - SUBJECT ADDED ENTRY--TOPICAL TERM | |
| Topical term or geographic name entry element | REPAIRING OBLIGATIONS |
| 690 ## - LOCAL SUBJECT ADDED ENTRY--TOPICAL TERM (OCLC, RLIN) | |
| Topical term or geographic name as entry element | Dilapidations |
| 9 (RLIN) | 6235 |
| 942 ## - ADDED ENTRY ELEMENTS (KOHA) | |
| Suppress in OPAC | 0 |
| Withdrawn status | Lost status | Source of classification or shelving scheme | Damaged status | Not for loan | Home library | Current library | Shelving location | Date acquired | Total Checkouts | Full call number | Barcode | Date last seen | Copy number | Price effective from | Koha item type |
|---|---|---|---|---|---|---|---|---|---|---|---|---|---|---|---|
| Dewey Decimal Classification | London | London | Journal article | 29/10/2002 | ABS66078 | 120293-1001 | 06/08/2019 | 1 | 06/08/2019 | Journal article |